Länder Afrikas nach Bevölkerung (beliebige Reihenfolge) - Statistiken

Allgemein
  • Dieses Quiz wurde 8 mal gespielt
  • Das Durchschnittsergebnis liegt bei 49 aus 54
Antwortstatistiken
Hint Antwort % Korrekt
103.500.000 Ägypten
100%
44.900.000 Algerien
100%
35.600.000 Angola
100%
1.700.000 Äquatorialguinea
100%
123.400.000 Äthiopien
100%
2.600.000 Botswana
100%
12.900.000 Burundi
100%
99.000.000 Demokratische Republik Kongo
100%
1.100.000 Dschibuti
100%
28.200.000 Elfenbeinküste
100%
3.700.000 Eritrea
100%
1.200.000 Eswatini
100%
33.500.000 Ghana
100%
54.000.000 Kenia
100%
800.000 Komoren
100%
2.300.000 Lesotho
100%
36.700.000 Marokko
100%
26.200.000 Niger
100%
218.500.000 Nigeria
100%
6.000.000 Republik Kongo
100%
13.800.000 Ruanda
100%
17.900.000 Senegal
100%
16.300.000 Simbabwe
100%
60.600.000 Südafrika
100%
46.900.000 Sudan
100%
10.900.000 Südsudan
100%
65.500.000 Tansania
100%
11.800.000 Tunesien
100%
47.200.000 Uganda
100%
13.400.000 Benin
83%
22.700.000 Burkina Faso
83%
2.700.000 Gambia
83%
13.900.000 Guinea
83%
2.100.000 Guinea-Bissau
83%
27.900.000 Kamerun
83%
600.000 Kap Verde
83%
5.300.000 Liberia
83%
6.800.000 Libyen
83%
29.600.000 Madagaskar
83%
20.400.000 Malawi
83%
22.600.000 Mali
83%
4.700.000 Mauretanien
83%
1.300.000 Mauritius
83%
33.000.000 Mosambik
83%
2.600.000 Namibia
83%
20.000.000 Sambia
83%
200.000 São Tomé und Príncipe
83%
100.000 Seychellen
83%
8.700.000 Sierra Leone
83%
17.600.000 Somalia
83%
8.800.000 Togo
83%
17.700.000 Tschad
83%
2.400.000 Gabun
67%
5.600.000 Zentral­afrikanische Republik
0%
Keine übereinstimmenden Quizze gefunden
Verteilung der Resultate
Anzahl Personen mit jedem Resultat
Perzentil nach korrekt beantworteten Fragen
Ihre Resultats-Entwicklung
Sie haben dieses Quiz noch nicht gespielt